000 00537cam a22001457a 4500
008 180718b1953 xxu||||| |||| 00| 0 eng d
082 _aA99 V283p
245 _aPrivate papers of Senator Vandenberg
_cedited by Arthur H. Vandenberg and Joe Alex Morris
260 _aLondon
_bVictor Gollancz
_c1953
300 _axxii, 579p
650 _aUnited State--Foreign relations -1945-1953 --Sources.
650 _aUnited States -Politics and government -1945-1953 -Sources
700 _aMorris, Joe Alex, ed
700 _aVandcenberg, Arthur H. ed
999 _c416105
_d416105